000 00267nam a22001217a 4500
082 _a823
_bKUN/A
100 _aKUNWAR, ANIL K
245 _aAESOP'S STORIES
260 _aDELHI
_bMANOJ PUBLICATIONS
_c2003
300 _a176
650 _aENGLISH STORY
_zINDIA
942 _cBK
999 _c7399
_d7399